日本企業の対米進出と技術移転に関する調査研究報告書

Sparad:
Bibliografiska uppgifter
Institutionell upphovsman: 日本在外企業協会
Materialtyp: Bok
Språk:Undetermined
Publicerad: 東京 日本在外企業協会 1981
Ämnen:
Taggar: Lägg till en tagg
Inga taggar, Lägg till första taggen!
Thư viện lưu trữ: Trung tâm Học liệu Trường Đại học Cần Thơ
LEADER 00586nam a2200193Ia 4500
001 CTU_87636
008 210402s9999 xx 000 0 und d
082 |a 337.5 
082 |b N691 
110 |a 日本在外企業協会 
245 0 |a 日本企業の対米進出と技術移転に関する調査研究報告書 
245 0 |c 日本在外企業協会 
260 |a 東京 
260 |b 日本在外企業協会 
260 |c 1981 
650 |a Foreign Economic Relations 
650 |x Japan,United States 
904 |i Ngoc 
980 |a Trung tâm Học liệu Trường Đại học Cần Thơ